Anfang & Ende : vormoderne Szenarien von Weltentstehung und Weltuntergang /

محفوظ في:

مؤلفون آخرون: Gindhart, Marion, Pommerening, Tanja.

التنسيق: كتاب

اللغة: German

منشور في: Darmstadt : Philipp von Zabern, [2016].

الموضوعات:

الوسوم: إضافة وسم

لا توجد وسوم, كن أول من يضع وسما على هذه التسجيلة!

رقم الطلب: BD497 .A543 2016

LEADER 00762namaa2200241 4500
003 OSt
005 20250916113551.0
008 130303t20162016gw a 000 0 ger d
020 |a 9783805350327 
040 |c ARCE Library 
050 4 |a BD497 .A543 2016 
245 0 0 |a Anfang & Ende :   |b vormoderne Szenarien von Weltentstehung und Weltuntergang /   |c Marion Gindhart, Tanja Pommerening (Hrsg.) 
246 3 |a Anfang und Ende. 
264 1 |a Darmstadt :  |b Philipp von Zabern,  |c [2016]. 
264 4 |c ©2016. 
300 |a 143 pages :  |b illustrations (chiefly Color) ;  |c 31 cm. 
650 0 |a Cosmology, Ancient. 
650 0 |a Cosmology. 
700 1 |a Gindhart, Marion,  |9 30800 
700 1 |a Pommerening, Tanja.  |9 37762 
901 |a reviewed 
942 |c BK  |2 lcc 
999 |c 1030  |d 1030